000 00941nam a2200253Ia 4500
003 OSt
005 20220923215629.0
006 a|||||r|||| 00| 0
007 ta
008 220922b |||||||| |||| 00| 0 hin d
024 _a180,389
037 _cTextual
040 _aARTS
_cARTS
_bhin
041 _2hin
_ahin
082 _aO152,1N01:g(R5), L6
100 _aअन्नपुरेड्डी श्री रायरेडूडी
_9163893
245 0 _aपंत काव्य में सौन्दर्य भावना
246 _aPanta kāvya mean saundarya bhāvanā
260 _aलखनऊ
_b हिन्दी भण्डार
_c1976
300 _a373 पृ.
_ccm.
650 _aहिन्दी साहित्य
_9156264
942 _hO152,1N01:g(R5), L6
_cTEXL
_2CC
999 _c333767
_d333767